[Event "CZE-chT2C 1516"]
[Site "Czech Republic"]
[Date "2015.10.18"]
[Round "1.6"]
[White "Jurasek, Miroslav"]
[Black "Sedlak, Jiri"]
[Result "1/2-1/2"]
[WhiteElo "2314"]
[BlackElo "1951"]
[PlyCount "70"]
[EventDate "2015.10.18"]
[EventType "team-tourn"]
[EventRounds "11"]
[EventCountry "CZE"]
[SourceTitle "EXT 2022"]
[Source "ChessBase"]
[SourceDate "2021.10.06"]
[SourceVersion "1"]
[SourceVersionDate "2021.10.06"]
[SourceQuality "1"]
[WhiteTeam "Lysa nad Labem III"]
[BlackTeam "Svetla nad Sazavou"]
[WhiteTeamCountry "CZE"]
[BlackTeamCountry "CZE"]

1. e4 c5 2. Nc3 Nc6 3. f4 g6 4. Nf3 Bg7 5. Bb5 Nd4 6. 0-0 Nxb5 7. Nxb5 Nf6 8. d3 d6 9. Qe1 Bd7 10. Nc3 Bc6 11. Bd2 0-0 12. f5 e6 13. Qh4 exf5 14. Bh6 Ng4 15. Bg5 f6 16. Bd2 fxe4 17. dxe4 Ne5 18. Rad1 Qc7 19. Nxe5 fxe5 20. Bg5 Rxf1+ 21. Rxf1 Rf8 22. Rd1 Rf7 23. Qh3 Qd7 24. Qd3 Bf8 25. Nd5 Bxd5 26. Qxd5 Kg7 27. h3 h6 28. Be3 Qc7 29. c4 Rf6 30. Rd3 Rf7 31. Bd2 Qe7 32. Rg3 Qh4 33. Be1 Qe7 34. Bd2 Qh4 35. Be1 Qe7 1/2-1/2

[Event "CZE-ch op"]
[Site "Havlickuv Brod"]
[Date "2015.05.17"]
[Round "2"]
[White "Walek, Petr"]
[Black "Sedlak, Jiri"]
[Result "1-0"]
[WhiteElo "2173"]
[BlackElo "1876"]
[PlyCount "67"]
[EventDate "2015.05.16"]
[EventType "swiss"]
[EventRounds "9"]
[EventCountry "CZE"]
[SourceTitle "CBM 166 Extra"]
[Source "ChessBase"]
[SourceDate "2015.06.18"]
[SourceVersion "1"]
[SourceVersionDate "2015.06.18"]
[SourceQuality "1"]

1. e4 c5 2. Nf3 e6 3. d4 cxd4 4. Nxd4 Nc6 5. Nc3 Nf6 6. Nxc6 bxc6 7. e5 Nd5 8. Ne4 Qc7 9. f4 Be7 10. c4 Nb6 11. Nd6+ Bxd6 12. exd6 Qb8 13. Be3 0-0 14. b3 c5 15. Bxc5 Bb7 16. Qd4 Bc6 17. 0-0-0 Qb7 18. Bd3 Rab8 19. Ba3 a5 20. Bb2 f6 21. a4 Bxa4 22. bxa4 Nxa4 23. Rd2 Rfc8 24. Re1 Nc5 25. Bc2 Rc6 26. Re3 a4 27. Rg3 e5 28. fxe5 Ne6 29. Qc3 Rxc4 30. Qxc4 Qxb2+ 31. Kd1 Qa1+ 32. Ke2 Qxe5+ 33. Qe4 Nd4+ 34. Rxd4 1-0

[Event "CZE-ch U16"]
[Site "Kouty nad Desnou"]
[Date "2015.03.14"]
[Round "9"]
[White "Jelinek, Michal"]
[Black "Sedlak, Jiri"]
[Result "0-1"]
[WhiteElo "2013"]
[BlackElo "1749"]
[PlyCount "98"]
[EventDate "2015.03.07"]
[EventType "swiss"]
[EventRounds "9"]
[EventCountry "CZE"]
[SourceTitle "EXT 2017"]
[Source "ChessBase"]
[SourceDate "2016.10.25"]
[SourceVersion "1"]
[SourceVersionDate "2016.10.25"]
[SourceQuality "1"]

1. d4 Nf6 2. c4 g6 3. Nc3 Bg7 4. e4 d6 5. Nf3 0-0 6. Be2 e5 7. 0-0 Nc6 8. d5 Ne7 9. Ne1 Nd7 10. Nd3 f5 11. Bd2 Nf6 12. f3 f4 13. c5 g5 14. Rc1 Rf7 15. Nb5 Ng6 16. Ba5 b6 17. cxd6 cxd6 18. Be1 g4 19. Nb4 g3 20. Nc6 Qf8 21. Qc2 Bh8 22. hxg3 fxg3 23. Bxg3 a6 24. Qa4 Nh5 25. Bh2 Ngf4 26. Rf2 Qh6 27. Rc2 Rg7 28. Bxf4 Nxf4 29. Qa3 Qh4 30. Bd1 Nh3+ 31. Kf1 Nxf2 32. Rxf2 Qh1+ 33. Ke2 Rxg2 34. Ne7+ Kf8 35. Qxd6 Rxf2+ 36. Kxf2 Qh4+ 37. Ke2 Qxe7 38. Qh6+ Bg7 39. Qc6 Bb7 40. Qxb6 axb5 41. d6 Qd7 42. Bb3 Qc6 43. Qg1 Qxd6 44. Qg5 Qf6 45. Qh5 h6 46. a3 Rd8 47. Ke1 Bc8 48. a4 bxa4 49. Bxa4 Qd6 0-1

[Event "CZE-ch U16"]
[Site "Kouty nad Desnou"]
[Date "2015.03.07"]
[Round "1"]
[White "Sedlak, Jiri"]
[Black "Lojek, Marek"]
[Result "0-1"]
[WhiteElo "1749"]
[BlackElo "1910"]
[PlyCount "98"]
[EventDate "2015.03.07"]
[EventType "swiss"]
[EventRounds "9"]
[EventCountry "CZE"]
[SourceTitle "EXT 2017"]
[Source "ChessBase"]
[SourceDate "2016.10.25"]
[SourceVersion "1"]
[SourceVersionDate "2016.10.25"]
[SourceQuality "1"]

1. d4 Nf6 2. c4 e6 3. Nf3 b6 4. g3 Bb7 5. Bg2 d5 6. cxd5 Nxd5 7. 0-0 Nd7 8. Nc3 N7f6 9. Nxd5 Bxd5 10. b3 Be7 11. Bb2 0-0 12. Rc1 Rc8 13. e3 c5 14. Ne5 Bxg2 15. Kxg2 Qd5+ 16. Qf3 cxd4 17. Qxd5 Nxd5 18. Bxd4 Ba3 19. Rxc8 Rxc8 20. Nc4 Bc5 21. Bxc5 Rxc5 22. Rd1 f5 23. Kf3 Kf8 24. Rd2 g5 25. h3 h5 26. g4 fxg4+ 27. hxg4 h4 28. e4 Nf4 29. Rd7 b5 30. Ne3 Rc1 31. Rd1 Rxd1 32. Nxd1 Nd3 33. Kg2 b4 34. Ne3 Nc1 35. Nc4 Nxa2 36. f4 gxf4 37. Kh3 f3 38. Kxh4 f2 39. Ne3 Nc1 40. Kg3 Nxb3 41. Kxf2 Nc5 42. Ke2 Nxe4 43. Kd3 Nd6 44. Kc2 Kf7 45. Kb3 a5 46. Ka4 Nb7 47. Nc4 Kf6 48. Ne3 Kg5 49. Kb3 Kf4 0-1

[Event "CZE-ch U14"]
[Site "Kouty nad Desnou"]
[Date "2014.03.12"]
[Round "6"]
[White "Sedlak, Jiri"]
[Black "Steinbauer, Filip"]
[Result "0-1"]
[WhiteElo "1753"]
[BlackElo "1637"]
[PlyCount "80"]
[EventDate "2014.03.08"]
[EventType "swiss"]
[EventRounds "9"]
[EventCountry "CZE"]
[SourceTitle "EXT 2015"]
[Source "ChessBase"]
[SourceDate "2014.11.20"]
[SourceVersion "1"]
[SourceVersionDate "2014.11.20"]
[SourceQuality "1"]

1. e4 d6 2. d4 Nf6 3. Bd3 e5 4. d5 c6 5. c4 Nbd7 6. Nc3 Be7 7. Nge2 0-0 8. f3 cxd5 9. cxd5 Nb6 10. Be3 Nbd7 11. Rc1 b6 12. b4 Bb7 13. 0-0 Rc8 14. Qa4 a5 15. a3 axb4 16. axb4 Ra8 17. Qb3 Qb8 18. Bb5 Rc8 19. Na4 Ba6 20. Bxa6 Rxc1 21. Rxc1 Rxa6 22. Rc6 Qa8 23. Qc2 Bf8 24. Nxb6 Nxb6 25. Bxb6 Rxb6 26. Rxb6 Qa7 27. Qc6 Nd7 28. Kf1 Nxb6 29. b5 g6 30. Nc1 Kg7 31. Nd3 Qa1+ 32. Kf2 Qd4+ 33. Kg3 Be7 34. h4 h5 35. Nc1 Qe3 36. Ne2 Qxe2 37. Qxb6 Qe1+ 38. Kh2 Bxh4 39. Qxd6 Bg3+ 40. Kh3 Bf4 0-1

[Event "Klatovy op-B"]
[Site "Klatovy"]
[Date "2013.07.01"]
[Round "3"]
[White "Sedlak, Jiri"]
[Black "Rychtecky, Pavel"]
[Result "0-1"]
[WhiteElo "1739"]
[BlackElo "1750"]
[PlyCount "104"]
[EventDate "2013.06.29"]
[EventType "swiss"]
[EventRounds "9"]
[EventCountry "CZE"]
[SourceTitle "EXT 2014"]
[Source "ChessBase"]
[SourceDate "2013.11.20"]
[SourceVersion "1"]
[SourceVersionDate "2013.11.20"]
[SourceQuality "1"]

1. e4 c5 2. Nf3 d6 3. Nc3 Nc6 4. Bb5 e6 5. d4 cxd4 6. Nxd4 Bd7 7. Nxc6 Bxc6 8. Bxc6+ bxc6 9. Qf3 g6 10. e5 d5 11. Bf4 Bg7 12. 0-0 Qc7 13. Rfe1 Ne7 14. Rad1 0-0 15. Qe3 c5 16. Qd3 a6 17. Qg3 Qa5 18. a3 Rab8 19. Rb1 d4 20. Ne4 Rxb2 21. Bd2 Qb6 22. Rxb2 Qxb2 23. Qg5 Nd5 24. Nf6+ Kh8 25. Qh4 h5 26. g4 Qxc2 27. Bg5 Qc3 28. Rf1 Qf3 29. gxh5 Nxf6 30. exf6 Qxh5 31. Qxh5+ gxh5 32. fxg7+ Kxg7 33. Rc1 Rc8 34. Kf1 c4 35. Ke2 e5 36. f3 f6 37. Bh4 Kg6 38. Bg3 Kf5 39. Kd2 Ke6 40. Kc2 Rb8 41. Rb1 Rxb1 42. Kxb1 f5 43. Bf2 Kd5 44. Kc2 e4 45. fxe4+ fxe4 46. Be1 e3 47. h3 Ke4 48. h4 Kf3 49. Kd1 c3 50. a4 c2+ 51. Kxc2 Ke2 52. Bb4 d3+ 0-1

[Event "Klatovy op-B"]
[Site "Klatovy"]
[Date "2013.06.30"]
[Round "2"]
[White "Sedlak, Jiri"]
[Black "Simek, Vladimir"]
[Result "0-1"]
[WhiteElo "1739"]
[BlackElo "1740"]
[PlyCount "82"]
[EventDate "2013.06.29"]
[EventType "swiss"]
[EventRounds "9"]
[EventCountry "CZE"]
[SourceTitle "EXT 2014"]
[Source "ChessBase"]
[SourceDate "2013.11.20"]
[SourceVersion "1"]
[SourceVersionDate "2013.11.20"]
[SourceQuality "1"]

1. e4 e5 2. Nf3 Nc6 3. d4 exd4 4. Nxd4 Qf6 5. Be3 Bc5 6. Nxc6 Bxe3 7. fxe3 Qxc6 8. Nc3 a6 9. Qd5 Nf6 10. Qxc6 bxc6 11. Rd1 0-0 12. Bc4 d6 13. 0-0 Ng4 14. Rf3 Ne5 15. Be2 Nxf3+ 16. Bxf3 Be6 17. h3 Rab8 18. b3 Rfd8 19. g4 Rd7 20. Ne2 h5 21. Nf4 hxg4 22. hxg4 Rdd8 23. Kf2 Bd7 24. c4 Kf8 25. Ke2 Ke7 26. g5 g6 27. Rb1 Rh8 28. Kf2 Rh2+ 29. Bg2 Rh4 30. Rg1 a5 31. Bf3 a4 32. Bd1 axb3 33. Bxb3 Rh2+ 34. Rg2 Rbh8 35. a4 Rh1 36. Kg3 Rb1 37. Bc2 Rb2 38. Nd3 Ra2 39. Nb4 Rh3+ 40. Kf4 Ra1 41. Rd2 Rf1+ 0-1

[Event "Kouty nad Desnou op-F"]
[Site "Kouty nad Desnou"]
[Date "2013.03.13"]
[Round "6"]
[White "Sedlak, Jiri"]
[Black "Richterova, Natasa"]
[Result "1/2-1/2"]
[WhiteElo "1758"]
[BlackElo "1952"]
[PlyCount "85"]
[EventDate "2013.03.09"]
[EventType "swiss"]
[EventRounds "9"]
[EventCountry "CZE"]
[SourceTitle "EXT 2015"]
[Source "ChessBase"]
[SourceDate "2014.11.20"]
[SourceVersion "1"]
[SourceVersionDate "2014.11.20"]
[SourceQuality "1"]

1. e4 Nf6 2. e5 Nd5 3. d4 d6 4. Nf3 Bg4 5. Be2 e6 6. h3 Bh5 7. c4 Nb6 8. exd6 cxd6 9. Nc3 d5 10. c5 N6d7 11. Qb3 b6 12. Bf4 Bxf3 13. gxf3 a6 14. Nxd5 exd5 15. Qxd5 Ra7 16. c6 Bb4+ 17. Kf1 0-0 18. cxd7 Rxd7 19. Qh5 g6 20. Qh6 Bd6 21. Be3 Re8 22. h4 Bf8 23. Qg5 Qxg5 24. hxg5 Bg7 25. Rd1 b5 26. Rh4 f6 27. gxf6 Bxf6 28. Re4 Rdd8 29. b3 Nc6 30. d5 Ne5 31. f4 Nf7 32. Re6 Rxe6 33. dxe6 Rxd1+ 34. Bxd1 Nd6 35. a4 bxa4 36. bxa4 a5 37. Bc5 Be7 38. Bb3 Nc8 39. Bd4 Kf8 40. Kg2 Nd6 41. Kh3 Ne4 42. Bb6 Nc5 43. Bxc5 1/2-1/2

[Event "Kouty nad Desnou op-F"]
[Site "Kouty nad Desnou"]
[Date "2013.03.12"]
[Round "4"]
[White "Sedlak, Jiri"]
[Black "Hlavac, Rudolf"]
[Result "1-0"]
[WhiteElo "1758"]
[BlackElo "2035"]
[PlyCount "151"]
[EventDate "2013.03.09"]
[EventType "swiss"]
[EventRounds "9"]
[EventCountry "CZE"]
[SourceTitle "EXT 2015"]
[Source "ChessBase"]
[SourceDate "2014.11.20"]
[SourceVersion "1"]
[SourceVersionDate "2014.11.20"]
[SourceQuality "1"]

1. e4 c5 2. Nf3 Nc6 3. d4 cxd4 4. Nxd4 Nf6 5. Nc3 e5 6. Ndb5 d6 7. Bg5 a6 8. Na3 b5 9. Nd5 Be7 10. Bxf6 Bxf6 11. c3 Bg5 12. h4 Bh6 13. g4 Bf4 14. Bg2 Be6 15. Nxf4 exf4 16. Qf3 Ne5 17. Qd1 Bxg4 18. f3 Bh5 19. Qe2 0-0 20. 0-0-0 Qb6 21. Nc2 a5 22. Rd5 b4 23. Rhd1 bxc3 24. b3 Rfd8 25. Nd4 Qb4 26. Nb5 a4 27. R1d4 Qa5 28. Rxa4 Qb6 29. Rxa8 Rxa8 30. Rxd6 Qb7 31. Rd5 f6 32. Nxc3 Bf7 33. Rd1 Qb4 34. Qb2 Rc8 35. Kc2 Nc6 36. Kb1 Ne5 37. Ne2 Ng6 38. h5 Nh4 39. Bh3 Rb8 40. Bg4 Ng2 41. Qd2 Qb6 42. Qd6 Qa7 43. Be6 Bxe6 44. Qxe6+ Kh8 45. Rd7 Qa5 46. Qg4 Qg5 47. Qxg5 fxg5 48. Kb2 Ne1 49. Nd4 h6 50. a4 g4 51. fxg4 f3 52. Rf7 f2 53. Kc3 Rc8+ 54. Kd2 Rd8 55. Rxf2 Rxd4+ 56. Kxe1 Rxe4+ 57. Kd2 Rxg4 58. Kc3 Rg5 59. Rh2 Kg8 60. b4 Kf7 61. a5 Rg1 62. b5 Ke6 63. Kc4 Kd6 64. Rd2+ Kc7 65. Kc5 Rc1+ 66. Kd5 Rh1 67. b6+ Kb7 68. Ke6 Ra1 69. Rd7+ Kb8 70. Rd5 Rf1 71. Rf5 Rc1 72. Kf7 Rg1 73. a6 Rb1 74. Kxg7 Rxb6 75. Rf6 Rb5 76. Kxh6 1-0

[Event "Kouty nad Desnou op-F"]
[Site "Kouty nad Desnou"]
[Date "2013.03.09"]
[Round "1"]
[White "Majer, Jiri"]
[Black "Sedlak, Jiri"]
[Result "1-0"]
[WhiteElo "1985"]
[BlackElo "1758"]
[PlyCount "69"]
[EventDate "2013.03.09"]
[EventType "swiss"]
[EventRounds "9"]
[EventCountry "CZE"]
[SourceTitle "EXT 2015"]
[Source "ChessBase"]
[SourceDate "2014.11.20"]
[SourceVersion "1"]
[SourceVersionDate "2014.11.20"]
[SourceQuality "1"]

1. d4 d5 2. c4 e6 3. Nc3 Nf6 4. Nf3 Be7 5. g3 0-0 6. Bg2 b6 7. cxd5 exd5 8. 0-0 Bb7 9. b3 c5 10. Bb2 Nc6 11. Rc1 Re8 12. Re1 cxd4 13. Nb5 Bb4 14. Rf1 Ba6 15. a4 Rc8 16. Bh3 Nd7 17. Nfxd4 Nxd4 18. Qxd4 Bf8 19. Qxd5 Rxc1 20. Bxc1 Nc5 21. Qc4 Re4 22. Qc2 Bxb5 23. axb5 Qe8 24. Be3 Rb4 25. Ra1 Qxb5 26. Rxa7 Rxb3 27. Qf5 Qe8 28. Bg2 g6 29. Qc2 Rxe3 30. fxe3 Qxe3+ 31. Kf1 Nb3 32. Ra8 Kg7 33. Qb2+ f6 34. Rxf8 Kxf8 35. Qxf6+ 1-0

[Event "Morava-ch U14"]
[Site "Kouty nad Desnou"]
[Date "2012.10.27"]
[Round "8"]
[White "Koukal, Ondrej"]
[Black "Sedlak, Jiri"]
[Result "1/2-1/2"]
[WhiteElo "1495"]
[BlackElo "1758"]
[PlyCount "58"]
[EventDate "2012.10.24"]
[EventType "swiss"]
[EventRounds "9"]
[EventCountry "CZE"]
[SourceTitle "EXT 2015"]
[Source "ChessBase"]
[SourceDate "2014.11.20"]
[SourceVersion "1"]
[SourceVersionDate "2014.11.20"]
[SourceQuality "1"]

1. Nf3 Nf6 2. g3 g6 3. d3 Bg7 4. Bg2 0-0 5. Nbd2 d6 6. 0-0 e5 7. e4 Nbd7 8. Qe1 Ne8 9. Nh4 f5 10. f4 fxe4 11. dxe4 b6 12. f5 g5 13. Nhf3 Bb7 14. g4 h6 15. a4 Nef6 16. h3 c6 17. c4 Qc7 18. b3 Nc5 19. Qe2 a5 20. Ba3 Nfd7 21. Ne1 Bf6 22. Nd3 Rfd8 23. Rad1 Ba6 24. Nxc5 Nxc5 25. Bxc5 dxc5 26. Rf3 Rd4 27. Nb1 Rad8 28. Rfd3 Rxd3 29. Rxd3 Rd4 1/2-1/2

[Event "Morava-ch U14"]
[Site "Kouty nad Desnou"]
[Date "2012.10.24"]
[Round "2"]
[White "Horvath, Tomas"]
[Black "Sedlak, Jiri"]
[Result "0-1"]
[WhiteElo "1477"]
[BlackElo "1758"]
[PlyCount "62"]
[EventDate "2012.10.24"]
[EventType "swiss"]
[EventRounds "9"]
[EventCountry "CZE"]
[SourceTitle "EXT 2015"]
[Source "ChessBase"]
[SourceDate "2014.11.20"]
[SourceVersion "1"]
[SourceVersionDate "2014.11.20"]
[SourceQuality "1"]

1. e4 c5 2. Nf3 d6 3. d4 cxd4 4. Nxd4 Nf6 5. Nc3 a6 6. Bd3 e6 7. Be3 Qc7 8. 0-0 Be7 9. f3 0-0 10. Qd2 b6 11. Rad1 Bb7 12. a3 Nbd7 13. Nb3 Rfe8 14. Be2 Rac8 15. Bf4 e5 16. Bg3 Nc5 17. Nxc5 dxc5 18. Qe3 c4 19. Kh1 Bc5 20. Qc1 Bd4 21. Rxd4 Nh5 22. Rxc4 Nxg3+ 23. hxg3 Qd6 24. Rxc8 Bxc8 25. Qe3 Re6 26. Rd1 Rh6+ 27. Kg1 Qe7 28. Qd3 Qc5+ 29. Qd4 exd4 30. Na4 Qc7 31. Rxd4 Rd6 0-1